000 00310nam a2200169Ia 4500
100 _aSchewe/Olav
650 _astudent
942 _cBK
366 _f25
654 _astudent
245 _aSuper Student
260 _bJaico
_c2018
082 _bSCH
300 _a220
546 _aENGLISH
999 _c21807
_d21807